| 000 | 01032nam a22002055i 4500 | ||
|---|---|---|---|
| 001 | 160534 | ||
| 003 | ES-MaACL | ||
| 005 | 20230906212048.0 | ||
| 008 | 000404s1877 sp |||| | spa d | ||
| 040 |
_aCAM _bspa _cCAM |
||
| 100 | 1 |
_aNavarro, Calisto. _9130413 |
|
| 245 | 1 | 0 |
_aA la puerta del suizo _b: pasillo cómico-lírico en un acto y en verso / _coriginal de ... Calisto Navarro y Manuel Cuartero ; música del maestro Angel Rubio. |
| 260 |
_aMadrid : _b[Administración lírico-dramática], _c1877 ( _fEstablecimiento tipográfico dirigido por José Cayetano Conde) |
||
| 300 |
_a27 p. ; _c20 cm. |
||
| 500 | _aEn port.: Estrenado ... en el Teatro del Recreo de Madrid la noche del 12 de abril de 1877. | ||
| 596 | _aMención de editor consta en la cub. | ||
| 700 | 1 |
_aCuartero, Manuel. _9126653 |
|
| 700 | 0 |
_aRubio, Angel. _9100337 |
|
| 852 |
_aES-MaACL _jF-8578(4) _z-- Enc. pasta española _q-- Falto de la cub. original _z-- Enc. en un vol. facticio ormando parte de la col. facticia Teatro español moderno, vol. 31 |
||
| 999 |
_c160534 _d160534 |
||